Možnosti uplatnění samoobslužných obchodních domů v ČSSR a jejich vliv na úspory živej práce

Guardado en:
Detalles Bibliográficos
Autor principal: Sajalová, Zdenka
Otros Autores: Stehlíková, Alena, Čapek, V.
Formato: Libro
Lenguaje:checo
Publicado: Praha Výzkumný ústav obchodu 1985
Colección:Knižnice VÚO 190
Etiquetas: Agregar Etiqueta
Sin Etiquetas, Sea el primero en etiquetar este registro!

MARC

LEADER 00000nam a2200000 4500
001 c110000
005 20251110132821.0
041 0 |a cze 
044 |a CZ 
245 1 0 |a Možnosti uplatnění samoobslužných obchodních domů v ČSSR a jejich vliv na úspory živej práce  |c Zdenka Sajalová, Alena Stehlíková, V. Čapek 
264 1 |a Praha  |b Výzkumný ústav obchodu  |c 1985 
300 |a 58 s. 
490 1 |a Knižnice VÚO  |v 190 
830 0 |a Knižnice VÚO  |v 190 
100 1 |a Sajalová, Zdenka 
700 1 |a Stehlíková, Alena 
700 1 |a Čapek, V.